| 000 | 01062nam0a22002651 4500 | ||
|---|---|---|---|
| 001 | rc\4043653 | ||
| 005 | 20250611070227.0 | ||
| 021 |
_aRU _b[51-34470] |
||
| 035 | _a(NLR Aleph) 008101178 | ||
| 090 |
_a9245221 _c9245221 |
||
| 100 | _a20130415d1951 |||y0rusy50 ca | ||
| 101 | 0 | _arus | |
| 102 | _aRU | ||
| 105 | _aa z ||||| | ||
| 200 | 1 |
_aИз опыта новаторов-стахановцев ленинградских машиностроительных заводов _eСборник статей _fПод ред. А.Н. Оглоблина |
|
| 210 |
_aМосква _aЛенинград _cМашгиз. [Ленингр. отд-ние] _d1951 |
||
| 215 |
_a188 с. _cил. _d21 |
||
| 225 | 1 | _aНоваторы производства | |
| 606 |
_aМеталлообработка _xСтахановские методы _jСборники _2psbo |
||
| 702 | 1 |
_aОглоблин _bА.Н. _gАлександр Николаевич _4340 |
|
| 801 | 0 |
_aRU _bNLR _gpsbo |
|
| 801 | 1 |
_aRU _bELAR _2rusmarc |
|
| 852 |
_aNLR _jТ36 Г-3/253 |
||
| 942 | _cBOOK | ||
| 980 | _aNB | ||